Central Library OPAC University of Rajshahi
Normal view MARC view

Entry Personal Name

Number of records used in: 6

001 - CONTROL NUMBER

  • control field: 16725

003 - CONTROL NUMBER IDENTIFIER

  • control field: BD-RjUL

005 - DATE AND TIME OF LATEST TRANSACTION

  • control field: 20250902110732.0

008 - FIXED-LENGTH DATA ELEMENTS

  • fixed length control field: 250902|| aca||aabn | a|a d

040 ## - CATALOGING SOURCE

  • Original cataloging agency: BD-RjUL
  • Transcribing agency: BD-RjUL

100 ## - HEADING--PERSONAL NAME

  • Personal name: حسىن., انتظار ،,, Ḥusain, Intiz̤ār
  • Dates associated with a name: 1925-2016

670 ## - SOURCE DATA FOUND

  • Source citation: Work cat.: (BD-RjUL)85608: حسىن., انتظار ،,, Ḥusain, Intiz̤ār 1925-2016, گلى کُوچے ;;;; Galī kūce /, 1951